000 00447 a2200181 4500
001 136194
020 _a9788573078565
040 _cLeonardo Da Vinci
041 _aPortuguês
082 _a370.71 P539e
_bP539e
100 _aPERRENOUD, Philippe
245 _aEnsinar
_bagir na urgência, decidir na incerteza
250 _a2. ed
260 _bArtmed
_c2008
_aPorto Alegre
362 _a20080000
697 _aEducação
_aFIPEN
942 _cBK
999 _c136194
_d136194